00453nam a22001457a 450000500170000000800410001702000330005804100130009108200140010410000130011824500970013126000340022830000190026265000260028120231113115748.0231113b |||||||| |||| 00| 0 eng d a978040901244 ; 9780409012453 aEnglish  a345.5 BER lEnglish  aCriminal Procedure in the Magistrate's Court : bA practical guide / cE Bertelsmann et al.  aDurban : bLexisNexis, c2004 bviii,c26 cm.  aLegal practice bLaw